Vývoj a porovnanie priemerných miezd a zamestnanosti v 1. polroku 1995 v SR a ČR
Pretrvávanie najvyššieho tempa znižovania zamestnanosti v poľnohospodárstve na Slovensku. Regionálna štruktúra zamestnanosti v poľnohospodárstve. Vývoj zamestnanosti a priemerných miezd za 1. polrok 1995 podľa okresov na Slovensku. Porovnanie zamestnanosti a priemerných miezd v ČR a SR.
Gespeichert in:
| 1. Verfasser: | |
|---|---|
| Format: | Buchkapitel |
| Sprache: | Slowakisch |
| Schlagworte: | |
| Tags: |
Keine Tags, Fügen Sie das erste Tag hinzu!
|
MARC
| LEADER | 00000naa a2200000 4500 | ||
|---|---|---|---|
| 001 | r019924 | ||
| 005 | 20221129134107.5 | ||
| 041 | 0 | |a slo | |
| 044 | |a CZ | ||
| 245 | 1 | 0 | |a Vývoj a porovnanie priemerných miezd a zamestnanosti v 1. polroku 1995 v SR a ČR |c Stanislav Buchta |
| 520 | |a Pretrvávanie najvyššieho tempa znižovania zamestnanosti v poľnohospodárstve na Slovensku. Regionálna štruktúra zamestnanosti v poľnohospodárstve. Vývoj zamestnanosti a priemerných miezd za 1. polrok 1995 podľa okresov na Slovensku. Porovnanie zamestnanosti a priemerných miezd v ČR a SR. | ||
| 610 | 2 | 0 | |a zamestnanosť |
| 610 | 2 | 0 | |a Česko |
| 610 | 2 | 0 | |a Slovensko |
| 610 | 2 | 0 | |a január-jún |
| 610 | 2 | 0 | |a 1995 |
| 610 | 2 | 0 | |a mzdy priemerné |
| 610 | 2 | 0 | |a mzdy nominálne |
| 610 | 2 | 0 | |a porovnanie medzinárodné |
| 610 | 2 | 0 | |a poľnohospodárstvo |
| 610 | 2 | 0 | |a odvetvia činnosti ekonomickej |
| 610 | 2 | 0 | |a regióny |
| 610 | 2 | 0 | |a počet pracovníkov |
| 100 | 1 | |a Buchta, Stanislav | |